[Event "67th RUS-ch Superfinal Women 2017"]
[Site "St. Petersburg"]
[Date "2017.12.03"]
[Round "1"]
[White "Gunina, Valentina"]
[Black "Kashlinskaya, Alina"]
[Result "0-1"]
[WhiteElo "2510"]
[BlackElo "2452"]
[Annotator "TA"]
[PlyCount "66"]
[EventDate "2017.??.??"]
[EventType "tourn"]
[EventCountry "RUS"]
[SourceTitle "playchess.com"]
[Source "ChessBase"]
[SourceQuality "1"]

{[%evp 15,66,0,0,0,0,-10,0,0,0,0,0,0,0,0,0,-8,0,-151,-138,-144,-135,-110,-128,-150,-108,-86,-6,-291,-285,-265,-264,-606,-140,-719,-716,-658,-572,-1253,-756,-795,-778,-743,-732,-29990,-1164,-29989,-29990,-29990,-29982,-29993,-29992,-29992,-29993]} 1. e4 e6 2. d4 d5 {[%cal Bd7d5,Bd5e4][%mdl 32]} 3. Nc3 Bb4 4. a3 Bxc3+ 5. bxc3 dxe4 6. Qg4 Nf6 7. Qxg7 Rg8 8. Qh6 c5 {LiveBook: 98 Games} 9. dxc5 {C15: French: 3 Nc3 Bb4: Unusual White 4th moves} (9. Ne2 Nbd7 10. Ng3 Qa5 11. Qd2 Nb6 12. dxc5 Qxc5 13. Qd4 Qxd4 14. cxd4 Bd7 15. c4 Rc8 16. c5 Nbd5 17. Bd2 h5 {1-0 (48) Nepomniachtchi,I (2728)-Sjugirov,S (2670) Sochi 2015}) 9... Nbd7 10. Bb5 Rxg2 $146 ({Predecessor:} 10... Rg6 11. Qh3 Qa5 12. Bxd7+ Bxd7 13. Bb2 Qxc5 14. Qe3 Qxe3+ 15. fxe3 Rxg2 16. O-O-O O-O-O {½-½ (43) Roeckendorf,U (1555)-Gross,H (1354) Berlin Pankow 2005}) 11. Bg5 {Strongly threatening Bxf6.The position is equal.} Qa5 12. Qxf6 {[%cal Rf6h8]} Rxg5 $1 13. Qxg5 Qxc3+ 14. Kf1 Qxa1+ 15. Kg2 Qb2 16. c4 $2 ({White should try} 16. Qg8+ $11 Ke7 17. Bxd7 Bxd7 18. Qxa8 Qg7+ 19. Kf1 Qa1+ 20. Ke2 Bb5+ 21. Kd2 Qd4+ 22. Kc1 Qa1+ 23. Kd2 Qd4+ 24. Kc1 Qa1+ 25. Kd2) 16... a6 $17 17. Ba4 h6 18. Qxh6 b5 $1 $36 {[%mdl 2048] Black has strong initiative.} 19. cxb6 {Black must now prevent c5.} Bb7 $1 20. Qe3 Ke7 (20... O-O-O $17 21. Bxd7+ Kxd7) 21. Qg5+ $2 {[%mdl 8192] [#]} (21. Ne2 $1 $11) 21... Kd6 $1 $19 {( -> ...e3+)} 22. Qg3+ Ne5 23. Bd1 $2 (23. c5+ Kxc5 24. Qe3+ Kd6 25. Ne2) 23... Qd4 $2 (23... e3+ $19 {has better winning chances.} 24. Bf3 {[#]} Rg8 $1 {[%mdl 512]} 25. Qxg8 Bxf3+ 26. Nxf3 Qxf2+ 27. Kh3 Qxf3+ 28. Qg3 Qxh1 29. c5+ Kd5 30. Qxe3 Qd1) 24. h4 $2 {[%mdl 8192]} (24. Be2 $17) 24... Qxd1 25. c5+ Kd5 26. Kh2 Ng4+ 27. Kg2 Kc4 28. c6 Bxc6 {And now ...Rg8 would win.} 29. Qc7 Kd5 (29... Rg8 $142 30. Qg3 e3+ 31. f3 e2 32. Nxe2 Qxe2+ 33. Kh3 Nf2+ 34. Qxf2 Qxf2 35. Rc1+ Kd4 36. Rd1+ Ke3 37. Re1+ Qxe1 38. h5 Qh1#) 30. Nh3 Qf3+ {Black mates.} 31. Kg1 Rg8 32. Nf4+ Kc5 {[%csl Gg4][%cal Rf3f2]} 33. Qe7+ Kxb6 {Precision: White = 35%, Black = 62%.} 0-1

[Event "67th RUS-ch Superfinal Women 2017"]
[Site "St. Petersburg"]
[Date "2017.12.03"]
[Round "1"]
[White "Goryachkina, Aleksandra"]
[Black "Pogonina, Natalija"]
[Result "1/2-1/2"]
[WhiteElo "2486"]
[BlackElo "2469"]
[Annotator "TA"]
[PlyCount "101"]
[EventDate "2017.??.??"]
[EventType "tourn"]
[EventCountry "RUS"]
[SourceTitle "playchess.com"]
[Source "ChessBase"]
[SourceQuality "1"]

{[%evp 23,101,18,19,20,38,33,35,27,24,13,20,8,0,5,15,0,0,0,0,0,0,0,0,-6,0,-6,0,0,10,14,25,22,20,21,21,0,0,1,1,1,20,0,8,0,0,0,0,0,0,0,0,0,0,0,0,0,0,0,0,0,0,0,0,0,0,0,0,0,0,0,0,0,0,0,0,0,0,0,0,0]} 1. d4 Nf6 2. c4 e6 3. Nc3 d5 4. cxd5 exd5 5. Bg5 c6 6. e3 Be7 7. Bd3 Nbd7 8. Qc2 Nh5 9. Bxe7 Qxe7 10. Nge2 Nb6 11. O-O g6 {D36: Queen's Gambit Declined: Exchange Variation: Main line (5 Bg5 c6 6 Qc2)} 12. Rab1 (12. Rae1 O-O 13. Nc1 Ng7 14. f3 Bf5 15. e4 Be6 16. exd5 Nxd5 17. Nxd5 cxd5 18. Nb3 Rac8 19. Qd2 {½-½ (38) Wang,H (2717)-Sargissian,G (2702) Huaian 2016}) 12... a5 {LiveBook: 3 Games} 13. a3 Ng7 14. b4 axb4 15. axb4 Bf5 16. Nf4 Bxd3 $146 ({Predecessor:} 16... O-O 17. Bxf5 Nxf5 18. b5 Qd8 19. Ra1 {½-½ (31) Lanchava,T (2185)-Khurtsidze,N (2235) Duisburg 1992}) 17. Nxd3 Nc4 18. b5 O-O {Black wants to play ...Na3.} 19. Rb3 Nf5 {[%cal Bg7f5,Bf5d6,Bd6c4][%mdl 32] [#] And now ...Ncxe3! would win.} 20. Qc1 Ra7 21. bxc6 bxc6 22. Nb2 Nfd6 (22... Na5 {is interesting.} 23. Rb6 Rc8 24. Qc2 Nd6 25. Ra1 Nac4) 23. Nxc4 Nxc4 24. Nd1 Rc7 25. Nb2 c5 26. dxc5 Nxb2 27. Qxb2 Rxc5 {The position is equal.} 28. h3 Rfc8 29. Rb8 Rxb8 30. Qxb8+ $11 {[%mdl 4096] Endgame KQR-KQR} Kg7 31. Qb4 Kg8 32. Rd1 Qc7 33. Qa4 h5 34. g3 Kh7 35. Qd4 Qc6 36. Kg2 Ra5 37. h4 Rc5 38. Kg1 Rc1 39. Rxc1 Qxc1+ {KQ-KQ} 40. Kg2 Qc6 $1 41. Qf4 Kg8 42. Qb8+ Kg7 43. Qe5+ Kg8 44. Qd4 Qe6 45. Qb2 Qe4+ 46. Kf1 Qc4+ 47. Ke1 Qd3 48. Qb8+ Kg7 49. Qb4 Kg8 50. Qb2 Kh7 51. Qb4 {Precision: White = 70%, Black = 73%.} 1/2-1/2

[Event "67th RUS-ch Superfinal Women 2017"]
[Site "St. Petersburg"]
[Date "2017.12.03"]
[Round "1"]
[White "Girya, Olga"]
[Black "Shuvalova, Polina"]
[Result "1-0"]
[WhiteElo "2484"]
[BlackElo "2385"]
[Annotator "TA"]
[PlyCount "117"]
[EventDate "2017.??.??"]
[EventType "tourn"]
[EventCountry "RUS"]
[SourceTitle "playchess.com"]
[Source "ChessBase"]
[SourceQuality "1"]

{[%evp 21,117,-22,0,0,36,48,37,50,55,43,77,38,85,58,58,72,69,34,55,22,34,7,41,0,70,13,23,0,63,54,63,0,0,0,29,0,0,-204,-216,-342,-342,-333,-307,-284,-177,-160,-121,-117,-120,-118,-50,-44,-59,-43,-20,-43,-45,-31,8,9,3,0,0,0,0,0,0,-8,191,161,229,229,352,252,417,414,448,438,432,424,343,448,748,551,521,514,484,453,29973,29973,29970,1529,29971,29972,29969,29970,29971,29967]} 1. d4 Nf6 2. c4 e6 3. Nf3 b6 4. g3 Ba6 5. b3 Bb4+ 6. Bd2 Be7 7. Nc3 O-O 8. Bg2 c6 9. O-O d5 10. Bf4 Nbd7 11. Qc2 {E15: Queen's Indian: 4 g3 sidelines, 4 g3 Ba6 and 4 g3 Bb7 early deviations} (11. Nd2 Nh5 12. Be3 Rc8 13. a4 f5 14. cxd5 exd5 15. Nf3 f4 16. Bd2 Bd6 17. Re1 Re8 18. e4 fxe3 19. Bxe3 {½-½ (57) Li,C (2751)-Wojtaszek,R (2727) Huaian 2016}) 11... Nh5 $146 {LiveBook: 4 Games} 12. Bc1 {[%cal Bf4c1,Bc1b2,Bb2d4][%mdl 32]} dxc4 13. bxc4 {White is slightly better.} Bxc4 14. Ne5 $1 {[%cal Re5c4]} Nxe5 15. dxe5 Qd4 16. Bb2 $1 {And now Ne4 would win.} Qxe5 17. Nd5 Qxd5 $1 18. Bxd5 cxd5 19. Bd4 Nf6 20. Qb2 b5 21. Rac1 b4 22. Rfe1 Rfc8 (22... a5 $11) 23. Rc2 ({White should play} 23. e4 $1 $14) 23... a5 $11 {[%cal Ba7a5,Ba5a4,Ba4a3][%mdl 32]} 24. e4 Nxe4 (24... Rd8 $11) 25. Bxg7 $14 Bd3 26. Rxc8+ (26. Rcc1 $1 $14) 26... Rxc8 $11 27. Bd4 a4 28. Rc1 (28. Be3 $5 {[%cal Rb2d4]}) 28... Rc4 29. f3 $2 (29. Rxc4 $11 {and White is okay.} dxc4 30. Qc1) 29... a3 $19 30. Rxc4 (30. Qa1 $142 Nc3 31. Bxc3 bxc3 32. Re1) 30... axb2 31. Rc8+ Bf8 32. Bxb2 Nd6 33. Rb8 {[#]} f6 $1 {Threatens to win with ...e5.} 34. Bd4 (34. Bxf6 Kf7) 34... Kf7 {White must now prevent ...Nb5.} 35. Bc5 Ne8 (35... Be7 $17 {...e5 is the strong threat.} 36. Bxb4 f5) 36. Rb7+ $1 $15 Kg8 37. Bxb4 Ba6 38. Rb8 Bxb4 39. Rxb4 Bc4 40. a4 Kf8 $1 41. a5 Ke7 42. Rb7+ Kd8 $1 43. Rxh7 d4 {Hoping for ...d3.} 44. Kf2 e5 $2 {[#]} (44... Nd6 $11 {and Black has nothing to worry.}) 45. Rb7 $1 $18 {[%mdl 1024] White has strong compensation.} f5 {[#]} (45... d3 {was necessary.}) 46. Rb4 $1 {[%cal Rb4c4]} Ba6 (46... Bd5 {keeps fighting.} 47. a6 Kd7) 47. f4 {[%cal Bf3f4,Bf4e5][%mdl 32]} Nd6 $2 (47... Nf6 48. fxe5 Ng4+ 49. Ke1 Nxe5 50. Rxd4+ Ke7) 48. fxe5 Ne4+ 49. Ke1 d3 {[#]} 50. g4 $1 {[%mdl 512]} d2+ (50... fxg4 51. Rxe4) 51. Kd1 Nf2+ (51... Bc8 $142 52. a6 Bxa6 53. gxf5 Ng5) 52. Kxd2 Nxg4 53. Rb6 Bf1 54. a6 Nxh2 (54... Bg2 $18 55. a7 Nxe5) 55. a7 Bg2 56. Ke3 (56. Rb8+ $142 Kc7 57. Ke3 Kd7 58. Kf4 Be4 59. a8=Q Bxa8 60. Rxa8 Ng4 61. Ra2) 56... Ng4+ 57. Kf4 {White mates.} Kc7 58. Rb8 Nh6 59. a8=Q {Precision: White = 61%, Black = 41%.} 1-0

[Event "67th RUS-ch Superfinal Women 2017"]
[Site "St. Petersburg"]
[Date "2017.12.03"]
[Round "1"]
[White "Galliamova, Alisa"]
[Black "Kovalevskaya, Ekaterina"]
[Result "1-0"]
[WhiteElo "2443"]
[BlackElo "2405"]
[Annotator "TA"]
[PlyCount "91"]
[EventDate "2017.??.??"]
[EventType "tourn"]
[EventCountry "RUS"]
[SourceTitle "playchess.com"]
[Source "ChessBase"]
[SourceQuality "1"]

{[%evp 11,91,16,27,34,41,37,45,35,54,57,57,51,57,47,72,68,73,76,81,91,83,87,76,78,86,80,122,109,137,153,145,137,151,132,163,153,150,126,145,172,244,259,236,265,271,263,350,306,493,451,632,628,592,443,914,847,971,922,1149,1102,2626,2341,2648,1520,1488,1056,1852,1809,1537,1472,29986,5193,2944,2835,2414,2382,29977,29978,2647,1858,29986,29987]} 1. d4 Nf6 2. Nf3 c5 3. e3 e6 4. Bd3 d5 5. b3 Nc6 6. O-O g6 {LiveBook: 3 Games. D05: Colle System with ...e6} (6... Qc7 7. c4 cxd4 8. exd4 Be7 9. Bb2 O-O 10. Nbd2 Nb4 11. Be2 Ne4 12. a3 Nc6 13. Rc1 Qf4 14. Rc2 Rd8 15. b4 Nxd2 16. Rxd2 dxc4 17. Bxc4 Bd7 18. Qe2 {½-½ (30) Efimenko,Z (2643)-Kveinys,A (2542) Warsaw 2017}) 7. dxc5 Bg7 8. Bb2 Qe7 $146 {White is slightly better.} ({Predecessor:} 8... O-O 9. a3 Qe7 10. b4 e5 11. Be2 Rd8 12. Nbd2 a5 13. b5 e4 14. bxc6 exf3 15. Nxf3 bxc6 {½-½ (15) Lundin,J (2298)-Carlsson,P (2499) Sweden 2014}) 9. Nd4 O-O 10. Nxc6 bxc6 11. b4 e5 12. Nd2 Rb8 13. a3 $36 {[%mdl 2048] White fights for an advantage.} a5 {[#]} 14. c3 $1 e4 15. Be2 Nd7 16. Rb1 {[%cal Ba1b1,Bb1b2,Bb2c2,Bc2c6][%mdl 32]} axb4 17. cxb4 Bxb2 18. Rxb2 Nxc5 19. Rc2 Ne6 20. Rxc6 Bb7 21. Rc1 d4 22. Bc4 Rfd8 23. Qb3 Ng7 24. exd4 Rxd4 25. Rfd1 Rbd8 {[#]} (25... e3 $142 26. fxe3 (26. Qxe3 Qd6 $16) 26... Rd6) 26. Nf1 $1 $18 Nf5 {intending ...e3.} 27. Ne3 Rxd1+ 28. Rxd1 ({Less strong is} 28. Nxd1 Nd4 $16) 28... Nxe3 29. fxe3 Kg7 $2 (29... Rxd1+ 30. Qxd1 Qg5) 30. Qc3+ f6 (30... Kg8 $142 31. Rxd8+ Qxd8) 31. Rxd8 Qxd8 32. Bf1 Kh6 (32... Qc8 $142 33. Qd4 Qa8 34. Qd7+ Kh6) 33. a4 {[%cal Ba3a4,Ba4a5][%mdl 32]} f5 34. a5 Qd1 35. b5 Qb1 36. Qc5 Qa2 37. Qf8+ Kh5 38. Qe7 Bd5 39. Qxh7+ Kg5 40. Qe7+ Kh5 41. h4 (41. Qg7 $142 Bg8 42. b6 f4 43. Qh8+ Kg4 44. b7 Qd2 45. Qh3+ Kg5 46. b8=Q) 41... Kh6 42. Qe5 {[%cal Re5h8]} Kh7 43. a6 Qd2 44. Qc7+ Kg8 45. Qc5 Kh7 46. b6 {Precision: White = 85%, Black = 35%.} 1-0

[Event "67th RUS-ch Superfinal Women 2017"]
[Site "St. Petersburg"]
[Date "2017.12.03"]
[Round "1"]
[White "Bodnaruk, Anastasia"]
[Black "Ovod, Evgenija"]
[Result "1/2-1/2"]
[WhiteElo "2428"]
[BlackElo "2364"]
[Annotator "TA"]
[PlyCount "86"]
[EventDate "2017.??.??"]
[EventType "tourn"]
[EventCountry "RUS"]
[SourceTitle "playchess.com"]
[Source "ChessBase"]
[SourceQuality "1"]

{[%evp 17,86,26,16,21,32,18,31,-4,16,21,18,14,43,36,136,30,18,18,17,14,24,28,40,23,42,52,95,23,29,29,46,0,0,0,0,0,0,0,0,0,0,0,0,1,0,1,6,16,18,0,0,0,0,0,0,0,0,0,0,0,0,0,0,0,0,0,0,0,0,0,0]} 1. e4 e5 2. Nf3 Nc6 3. d4 exd4 4. Nxd4 Nf6 5. Nxc6 bxc6 6. Bd3 d5 7. e5 Nd7 8. O-O Nc5 9. Be2 {C45: Schottische Partie} Be7 {LiveBook: 8 Partien} 10. Be3 O-O {[%cal Bh8f8,Bf8f6,Bf6g6][%mdl 32]} 11. c3 $146 {Weiß steht etwas besser.} ({Vorgänger:} 11. f4 f6 12. Nd2 fxe5 13. fxe5 Bf5 14. Nf3 Ne6 15. c4 Qd7 16. Qd2 Rad8 {0-1 (25) Fitzsimons,D (2240)-Cheparinov,I (2668) Kilkenny 2010}) 11... Ne6 12. Bg4 f5 13. exf6 Rxf6 14. Nd2 c5 15. Nb3 c4 {[#]} (15... Rb8 $14) 16. Nd4 ({Lieber} 16. Na5 $1 $16 {[%cal Ra5c6]} Qd6 17. Bf3) 16... Nxd4 $11 17. Bxd4 {Droht Lxc8 und aus.} Bxg4 18. Qxg4 Rg6 19. Qe2 Bd6 20. f4 Qh4 21. g3 {[#] zielt auf Dg2 ab.} Rf8 22. Qg2 (22. Bxa7 $16 Qf6 23. a4) 22... Qh5 23. Bxa7 Bxf4 24. Bc5 Bd6 $1 {Die Stellung ist ausgeglichen.} 25. Rxf8+ Bxf8 26. Bxf8 Kxf8 {[%mdl 4096] Endspiel KDT-KDT} 27. Re1 Rf6 28. a4 {[%cal Ba2a4,Ba4a5,Ba5a6][%mdl 32]} h6 29. Qd2 Qf5 30. a5 Kg8 $1 31. Rd1 c6 32. a6 Qd7 {Weiss sollte ...Da7+ verhindern.} 33. Qd4 Rf7 34. Ra1 {Und weiter mit a7 wäre nett.} (34. Rf1 {is interesting.} Re7 35. Qf4 Qa7+ 36. Kh1 Qa8 37. Qf5) 34... Qa7 35. Qxa7 Rxa7 {KT-KT} 36. Kf2 Kf7 37. Ke3 Ke6 38. h4 Kd6 39. Kf4 c5 40. g4 Rf7+ 41. Ke3 Re7+ 42. Kf4 {Schwarz muss nun a7 beachten.} Rf7+ 43. Ke3 Re7+ {Precision: Weiß = 59%, Schwarz = 51%.} 1/2-1/2

[Event "67th RUS-ch Superfinal Women 2017"]
[Site "St. Petersburg"]
[Date "2017.12.03"]
[Round "1"]
[White "Gritsayeva, Oksana"]
[Black "Nechaeva, Marina"]
[Result "0-1"]
[WhiteElo "2373"]
[BlackElo "2424"]
[Annotator "TA"]
[PlyCount "116"]
[EventDate "2017.??.??"]
[EventType "tourn"]
[EventCountry "RUS"]
[SourceTitle "playchess.com"]
[Source "ChessBase"]
[SourceQuality "1"]

{[%evp 14,116,26,27,20,15,25,22,32,9,0,-44,-30,-34,19,-59,0,0,0,-18,0,0,30,0,56,42,63,50,48,50,43,37,42,34,79,44,51,40,101,32,73,55,71,34,39,29,75,75,75,75,75,75,81,73,101,35,58,17,38,15,22,0,75,0,0,-274,-291,-252,-260,-355,-339,-432,-432,-493,-493,-491,-487,-475,-461,-458,-439,-418,-399,-542,-541,-695,-682,-633,-628,-963,-959,-898,-897,-859,-365,-1760,-1529,-29968,-29966,-5937,-1670,-29970,-29971,-29968,-29970]} 1. e4 c6 2. d4 d5 3. exd5 cxd5 4. Bd3 Nc6 5. c3 Qc7 6. Na3 {B13: Caro-Kann: Exchange Variation and Panov-Botvinnik Attack} a6 7. Nc2 Nf6 8. h3 {LiveBook: 10 Games. White has an edge.} e6 9. Qe2 $146 ({Predecessor:} 9. Nf3 b5 10. O-O Bb7 11. Re1 Bd6 12. Bg5 Ne4 13. a4 bxa4 {0-1 (29) Kramnik,V (2812)-Fedoseev,V (2726) Dortmund 2017}) 9... Bd6 10. Nf3 h6 11. Bd2 O-O 12. O-O-O b5 13. Kb1 Bb7 (13... a5 $15) 14. Rhe1 (14. g4 $11) 14... Ne7 15. Ne5 Ne4 16. Bc1 f6 17. Ng4 f5 18. f3 (18. Ne5 $5) 18... Rf7 (18... Bg3 $1 $11) 19. Ne5 $1 $14 {[%cal Re5f7]} Bxe5 20. dxe5 Nc5 21. Nd4 Nxd3 22. Qxd3 Bc8 23. g4 Bd7 24. g5 hxg5 25. Bxg5 Rb8 (25... Nc6 $14) 26. h4 ({White should try} 26. Bxe7 $16 Rxe7 27. f4) 26... Qc4 27. Qxc4 dxc4 28. Bxe7 Rxe7 29. Rd2 Rc8 30. Red1 Be8 31. f4 Bh5 32. Rf1 Rd7 33. Kc2 Kf7 {[#]} 34. Rff2 (34. a4 $1 $16 {[%mdl 512]}) 34... Bg4 35. Rh2 Rd5 36. Kc1 a5 37. Rhf2 b4 (37... Rh8 $11 {keeps the balance.}) 38. Nc2 (38. a3 $16) 38... bxc3 $11 39. Rxd5 $4 {[%mdl 8192]} (39. bxc3 $11 {and White has nothing to worry.} Rd3 40. Rxd3 cxd3 41. Nd4) 39... cxb2+ $19 ({Weaker is} 39... exd5 40. bxc3 Rh8 41. Rh2 $11) 40. Kxb2 c3+ ({Less strong is} 40... exd5 41. Kc3 $15) 41. Kb3 exd5 {[%mdl 4096] Endgame KRB-KRN} 42. Rf1 {[#]} a4+ $1 {[%mdl 512]} 43. Kxa4 {[#]} d4 $1 {[%cal Rd4d3][%mdl 512]} 44. Nxd4 Rc4+ 45. Kb3 Rxd4 46. Kxc3 {KRB-KR} Re4 47. a3 Kg6 48. Kb3 Be2 49. Rf2 Bd1+ 50. Kc3 {White hopes to continue with Rd2.} Kh5 51. Kd2 Bg4 52. Rf1 Kxh4 53. Kc3 Kh5 (53... Be2 $142 54. Re1 Kg4) 54. Kb3 $2 (54. Rh1+ Kg6 55. Rf1) 54... g5 55. fxg5 Kxg5 56. a4 Rxe5 (56... f4 $142 57. a5 Be2 58. Rg1+ Kf5) 57. Kb4 f4 58. a5 Be2 {Precision: White = 28%, Black = 46%.} 0-1

[Event "67th RUS-ch Superfinal Women 2017"]
[Site "St. Petersburg"]
[Date "2017.12.04"]
[Round "2"]
[White "Goryachkina, Aleksandra"]
[Black "Girya, Olga"]
[Result "1-0"]
[WhiteElo "2486"]
[BlackElo "2484"]
[Annotator "TA"]
[PlyCount "75"]
[EventDate "2017.??.??"]
[EventType "tourn"]
[EventCountry "RUS"]
[SourceTitle "playchess.com"]
[Source "ChessBase"]
[SourceQuality "1"]

{[%evp 24,75,25,15,14,18,14,16,32,21,47,24,38,37,43,38,45,36,75,65,60,67,418,153,186,74,194,190,187,77,172,135,166,164,209,136,132,105,127,85,106,45,185,195,297,407,389,376,601,590,580,582,941,933]} 1. d4 Nf6 2. c4 e6 3. Nc3 Bb4 4. Qc2 d5 5. a3 Bxc3+ 6. Qxc3 Ne4 7. Qc2 c5 8. dxc5 Nc6 9. e3 Qa5+ 10. Bd2 Nxd2 11. Qxd2 dxc4 {E37: Nimzo-Indian: Classical: 4...d5 5 a3 Bxc3+ 6 Qxc3 Ne4} 12. Bxc4 Qxc5 13. Rc1 {[#] LiveBook: 58 Games} Qb6 $146 {The position is equal.} ({Predecessor:} 13... Qe7 14. Nf3 O-O 15. e4 Rd8 16. Qe3 Bd7 17. O-O Rac8 18. b4 Be8 19. Be2 {0-1 (66) Urkedal,F (2541)-Hammer,J (2628) Stavanger 2017}) 14. Nf3 O-O 15. O-O Rd8 16. Qc2 h6 17. Ba2 Bd7 18. Bb1 $36 {[%mdl 2048] White has some pressure.} g6 19. Qc3 Be8 20. h4 Qb5 21. Qf6 a5 22. Be4 Qh5 $2 {[%mdl 8192] [#]} (22... h5 $14) 23. Rc4 $2 (23. Rxc6 $1 $18 {[%mdl 512]} Bxc6 (23... bxc6 24. Ne5) 24. Ne5 (24. Bxc6 bxc6 25. e4 Qc5 $17) 24... Bxe4 25. Qxf7+ (25. g4 Qxe5 26. Qxe5 Bc6 $18) 25... Kh8 26. Qf6+ Kh7 27. g4 Qxe5 28. Qxe5) 23... Rd6 24. Bxc6 (24. a4 $18 {and White stays clearly on top.}) 24... bxc6 (24... Rxc6 $16 {was called for.} 25. Rd4 Qf5) 25. e4 $18 {[%cal Be3e4,Be4e5][%mdl 32]} Qb5 26. Rcc1 (26. Ne5 $1 $18 {and the rest is easy.}) 26... Rad8 (26... Qb8 $16 {is a better defense.}) 27. e5 Rd5 {[#]} 28. h5 $1 {[%mdl 512]} Qd3 (28... gxh5 29. Qxh6) 29. hxg6 Qxg6 30. Qh4 Rb8 31. Rc4 h5 {[#]} 32. Rc3 ({White should try} 32. b4 $1 $16) 32... c5 (32... Kf8 $1 $14) 33. Qe7 Bb5 {[#]} (33... f5 {was worth a try.} 34. Rxc5 Rd7) 34. Nh4 $1 {[%cal Rh4g6]} Qg4 35. Rg3 Qxg3 (35... Bxf1 $142 36. Rxg4+ hxg4 37. Qg5+ Kh7 38. Qh5+ (38. Qxg4 Bd3 $11) 38... Kg7 39. Qxg4+ Kf8 40. Ng6+ fxg6) 36. fxg3 {White is clearly winning.} Bxf1 37. Qg5+ Kf8 {[#]} 38. Ng6+ $1 {[%mdl 512] Precision: White = 58%, Black = 42%.} 1-0

[Event "67th RUS-ch Superfinal Women 2017"]
[Site "St. Petersburg"]
[Date "2017.12.04"]
[Round "2"]
[White "Pogonina, Natalija"]
[Black "Nechaeva, Marina"]
[Result "1-0"]
[WhiteElo "2469"]
[BlackElo "2424"]
[Annotator "TA"]
[PlyCount "91"]
[EventDate "2017.??.??"]
[EventType "tourn"]
[EventCountry "RUS"]
[SourceTitle "playchess.com"]
[Source "ChessBase"]
[SourceQuality "1"]

{[%evp 28,91,29,25,37,30,35,30,46,28,27,28,39,29,48,18,35,0,0,0,16,0,0,0,0,0,0,0,0,0,0,0,0,0,0,0,0,0,0,12,146,138,163,188,232,200,352,348,342,339,308,283,429,397,469,468,457,448,926,921,915,908,900,896,802,794]} 1. d4 d5 2. c4 c6 3. e3 Nf6 4. Nc3 e6 5. Nf3 Nbd7 6. Qc2 Bd6 7. Bd3 O-O 8. O-O dxc4 9. Bxc4 a6 10. Rd1 b5 11. Bd3 {D46: Semi-Slav: 5 e3 Nbd7 6 Bd3, Black avoids the Meran} Qc7 12. Bd2 c5 13. Ne4 c4 14. Nxd6 Qxd6 15. Be2 {LiveBook: 35 Games} Bb7 16. b3 Bd5 17. Qb2 Rfc8 18. Rac1 Ne4 {[#]} 19. Be1 $146 Qe7 20. Bf1 Rab8 21. Ba5 f5 22. Nd2 Nxd2 23. Bxd2 Nb6 24. Be1 b4 25. bxc4 Nxc4 26. Qe2 a5 27. f3 Na3 28. Bg3 $36 {[%mdl 2048] [#] And now e4 would win. Black is under pressure.} Ra8 $1 29. e4 fxe4 $1 30. fxe4 Bc4 $1 {[%cal Rc4e2]} 31. Qd2 Bxf1 32. Rxf1 Qd7 33. d5 Nc4 {[#]} (33... Nb5 $11) 34. Qd3 $1 $16 exd5 35. exd5 Nd6 36. Rc6 $1 {[%cal Rc6d6]} Ne8 $2 (36... Nf7 37. Qc4 Rf8) 37. Qc4 $1 $18 {Threatening mate with d6+.} ({Not} 37. Rxc8 Qxc8 38. d6 Nf6 $16) 37... Nf6 38. d6+ {[%cal Bd5d6,Bd6c7][%mdl 32]} Kh8 39. Rc7 h6 (39... Rxc7 $142 40. dxc7 Rc8) 40. h3 Rxc7 41. dxc7 {White is clearly winning.} ({Less strong is} 41. Qxc7 Qe6 $16) 41... Rc8 42. Kh2 Kh7 (42... Nd5 $142 43. Rd1 Rxc7 44. Qxd5 Qxd5 45. Rxd5 Ra7) 43. Qc2+ Kg8 44. Rd1 Qe7 45. Qc6 Kh7 46. Qb7 {Precision: White = 82%, Black = 52%.} 1-0